000 00661nam a22002177a 4500
003 OSt
005 20251028013642.0
008 251028b |||||||| |||| 00| 0 eng d
020 _a13: 978-0-323-04633-6.
040 _aDWCL-Main lib
_cOC
082 _aCirc. 610.73 K19c 2007
100 _aKatz, Janet R.
245 _aA career in nursing :
_bis right for me?
260 _aSt. Louis, Mo. :
_bMosby/Elsevier,
_cc2007.
300 _aviii, 144 pages :
_billustration ;
_c23 cm.
504 _aIncludes bibliographical references.
650 _21. Nurses.
650 _22. Nursing-Vocational guidance.
650 _23. Nursing.
942 _2ddc
_cBK-CIRC
_kCirc.
_n0
999 _c5193
_d5193